| 000 | 00458nam a22001937a 4500 | ||
|---|---|---|---|
| 005 | 20250318115909.0 | ||
| 008 | 250318b |||||||| |||| 00| 0 eng d | ||
| 020 |
_a9788193043707 _c575.00 |
||
| 040 | _aMAIN | ||
| 041 | _aEnglish | ||
| 082 |
_a543.085 _bAJA |
||
| 100 |
_aAjai, Kumar _925369 |
||
| 245 | _aCoordination Chemistry | ||
| 250 | _a8th | ||
| 260 |
_aUttar Pradesh _bAaryush _c2024 |
||
| 300 | _aV.P. | ||
| 650 | _aChemistry | ||
| 942 | _cBK | ||
| 999 |
_c59480 _d59480 |
||